[Event "NED-ch U16 Youth 2019"]
[Site "Assen"]
[Date "2019.04.29"]
[Round "2.7"]
[White "Broersma, Sven"]
[Black "Cchung, Chi Yun"]
[Result "0-1"]
[WhiteElo "1617"]
[BlackElo "1836"]
[Annotator "NA RC"]
[PlyCount "62"]
[EventDate "2019.04.28"]
[EventType "swiss"]
[EventCountry "NED"]
[SourceTitle "playchess.com"]
[Source "ChessBase"]
[SourceQuality "1"]
[TimeControl "40/5400+30:1800+30"]

1. d4 {[%emt 0:00:00]} Nf6 {[%emt 0:00:00]} 2. c4 {[%emt 0:00:00]} g6 {[%emt 0:00:00]} 3. Nc3 {[%emt 0:00:00]} Bg7 {[%emt 0:00:00]} 4. e4 {[%emt 0:00:00]} d6 {[%emt 0:00:00]} 5. Nge2 {[%emt 0:00:00]} O-O {[%emt 0:02:58]} 6. Ng3 {[%emt 0:00:00]} e5 {[%emt 0:01:28]} 7. d5 {[%emt 0:00:07]} Nbd7 {[%emt 0:02:03]} 8. Be2 {[%emt 0:00:11]} a5 {[%emt 0:03:12]} 9. h4 {[%emt 0:00:18]} Nc5 {[%emt 0:16:58]} 10. h5 {[%emt 0:04:52] E70: King's Indian: Miscellaneous lines with 4 e4, including 5 Nge2 and 5 Bd3 0-0 6 Nge2} c6 {[%emt 0:01:58]} 11. hxg6 {[%emt 0:03:34]} fxg6 {[%emt 0:04:39]} 12. Bg5 {[%emt 0:12:57]} cxd5 {[%emt 0:12:10]} 13. Nxd5 $146 {[%emt 0:09:36]} ({Predecessor:} 13. exd5 Bd7 14. Qd2 Qb6 15. Be3 Qc7 {½-½ (25) Kroll,O (2310)-Kozlov,V (2365) ICCF email 2007}) 13... Be6 {[%emt 0:16:14]} 14. Nxf6+ {[%emt 0:28:32]} (14. f3 $14) 14... Bxf6 {[%emt 0:00:39]} 15. Bxf6 {[%emt 0:00:07]} Qxf6 {[%emt 0:04:08]} 16. O-O {[%emt 0:01:05]} Rad8 {[%emt 0:05:40]} 17. Rc1 {[%emt 0:05:19]} ({Better is} 17. Qd2 $15) 17... Qg5 {[%emt 0:06:48]} 18. Rc3 {[%emt 0:06:09]} h5 {[%emt 0:01:31]} 19. Nxh5 {[%emt 0:04:32]} Nxe4 {[%emt 0:00:43]} 20. Re3 {[%emt 0:00:52]} Nxf2 {[%emt 0:02:34]} 21. Qb3 {[%emt 0:01:27]} Ng4 {[%emt 0:11:03]} ({Less strong is} 21... gxh5 22. Rxf2 Rxf2 23. Kxf2 $17) 22. Bxg4 {[%emt 0:00:26]} Rxf1+ {[%emt 0:00:11]} ({Less strong is} 22... Bxg4 23. Ng3 $17) 23. Kxf1 {[%emt 0:00:07]} Rf8+ $17 {[%emt 0:01:23]} (23... Bxg4 $19 {is more deadly.} 24. Ng3 Rf8+ 25. Kg1 Qf4) 24. Rf3 $2 {[%emt 0:02:11]} (24. Bf3 $17) 24... Qxg4 {[%emt 0:02:07]} 25. Rxf8+ {[%emt 0:01:54]} Kxf8 {[%emt 0:00:07]} 26. Qxb7 {[%emt 0:01:23]} Qxh5 {[%emt 0:01:42]} 27. Qb8+ {[%emt 0:01:04]} Ke7 {[%emt 0:00:43]} 28. Qc7+ {[%emt 0:00:09]} Bd7 {[%emt 0:00:09]} 29. Qxa5 {[%emt 0:00:49]} Qd1+ {[%emt 0:00:25]} 30. Kf2 {[%emt 0:00:06]} Qd4+ {[%emt 0:00:11]} 31. Kg3 {[%emt 0:00:37]} Qf4# {[%emt 0:00:25]} 0-1

[Event "NED-ch U16 Youth 2019"]
[Site "Assen"]
[Date "2019.04.29"]
[Round "2.8"]
[White "Gevorkjan, Lewon"]
[Black "Van Wijngaarden, Frank"]
[Result "1/2-1/2"]
[WhiteElo "1808"]
[BlackElo "1774"]
[Annotator "NA RC"]
[PlyCount "136"]
[EventDate "2019.04.28"]
[EventType "swiss"]
[EventCountry "NED"]
[SourceTitle "playchess.com"]
[Source "ChessBase"]
[SourceQuality "1"]
[TimeControl "40/5400+30:1800+30"]

1. Nf3 {[%emt 0:00:00]} d5 {[%emt 0:00:11]} 2. e3 {[%emt 0:00:00]} c5 {[%emt 0:00:30]} 3. c4 {[%emt 0:00:38]} d4 {[%emt 0:01:24]} 4. b4 {[%emt 0:00:40]} cxb4 {[%emt 0:11:17]} (4... dxe3 5. fxe3 cxb4 6. d4 Nf6 7. Bd3 g6 8. a3 bxa3 9. O-O Bg7 10. Nc3 O-O 11. Bxa3 b6 12. Kh1 Nc6 13. Rc1 Bg4 14. h3 Bxf3 15. Qxf3 {1-0 (45) Wei,Y (2735)-Inarkiev,E (2690) Magas 2018}) 5. Nxd4 {[%emt 0:03:36]} e5 {[%emt 0:01:16]} 6. Nf3 {[%emt 0:00:08] A09: Réti Opening: 1 Nf3 d5 2 c4} Nc6 {[%emt 0:01:54]} 7. Bb2 {[%emt 0:00:20]} Bg4 {[%emt 0:05:33]} 8. Be2 {[%emt 0:00:26]} Qa5 $146 {[%emt 0:04:31]} ({Predecessor:} 8... e4 9. Nd4 Bxe2 10. Qxe2 Ne5 11. O-O Nd3 12. Bc1 {1-0 (49) Hoerig,D-Windelband,J Germany 1998}) 9. O-O {[%emt 0:06:26]} Nf6 {[%emt 0:02:12]} 10. d4 {[%emt 0:00:20]} e4 {[%emt 0:14:26]} 11. Nfd2 {[%emt 0:03:29]} Bxe2 {[%emt 0:00:20]} 12. Qxe2 {[%emt 0:00:12]} Qg5 {[%emt 0:00:45]} 13. f4 {[%emt 0:02:21]} Qg6 {[%emt 0:04:56]} 14. d5 {[%emt 0:03:08]} Nb8 {[%emt 0:02:52]} 15. a3 {[%emt 0:06:13]} Nbd7 {[%emt 0:03:46]} 16. Nb3 {[%emt 0:01:45]} Be7 {[%emt 0:03:50]} 17. axb4 {[%emt 0:04:37]} Bxb4 {[%emt 0:00:20]} 18. Bc3 {[%emt 0:00:13]} Be7 {[%emt 0:01:52]} 19. Bd4 {[%emt 0:01:58]} O-O {[%emt 0:02:24]} 20. Nc3 {[%emt 0:03:05]} a6 {[%emt 0:00:47]} 21. c5 {[%emt 0:06:21]} Ng4 $2 {[%emt 0:06:31]} (21... Rfc8 $16) 22. f5 {[%emt 0:05:16]} Qg5 {[%emt 0:05:42]} 23. Nxe4 {[%emt 0:00:13]} Qh4 {[%emt 0:00:06]} 24. h3 {[%emt 0:00:38]} Ngf6 {[%emt 0:03:47]} 25. Rf4 {[%emt 0:03:15]} Qh6 {[%emt 0:00:41]} 26. d6 {[%emt 0:01:31]} Bd8 {[%emt 0:00:17]} 27. Nc3 {[%emt 0:00:33]} Re8 {[%emt 0:02:04]} 28. Rf3 {[%emt 0:01:23]} Rc8 {[%emt 0:03:29]} 29. e4 {[%emt 0:02:34]} Ne5 {[%emt 0:01:26]} 30. Re3 {[%emt 0:00:55]} Nfd7 $18 {[%emt 0:01:34]} 31. Nd5 {[%emt 0:00:53]} Nc6 {[%emt 0:02:17]} 32. Bc3 {[%emt 0:02:00]} Nce5 {[%emt 0:00:49]} 33. Bxe5 {[%emt 0:05:28]} Rxe5 {[%emt 0:00:28]} 34. Rc3 {[%emt 0:00:59]} Bf6 {[%emt 0:00:44]} 35. Nxf6+ {[%emt 0:02:39]} Qxf6 {[%emt 0:00:23]} 36. Re1 {[%emt 0:12:32]} h6 {[%emt 0:02:25]} 37. Qd2 {[%emt 0:01:43]} Qh4 {[%emt 0:00:40]} 38. Qe3 {[%emt 0:01:59]} Rce8 {[%emt 0:01:18]} 39. Rc4 {[%emt 0:00:37]} Rxf5 {[%emt 0:01:28]} 40. Nd4 {[%emt 0:01:25]} Rf6 {[%emt 0:04:58]} 41. Nf3 {[%emt 0:30:55]} Qg3 {[%emt 0:31:27]} 42. Re2 {[%emt 0:03:07]} Rf4 {[%emt 0:00:00]} 43. Nd2 {[%emt 0:00:00]} Qxe3+ {[%emt 0:00:00]} 44. Rxe3 {[%emt 0:00:00]} Rf5 {[%emt 0:00:00]} 45. Rec3 {[%emt 0:00:00]} Rf6 {[%emt 0:00:00]} 46. Rb4 {[%emt 0:00:00]} Rb8 {[%emt 0:00:00]} 47. Nb3 {[%emt 0:00:00]} b6 {[%emt 0:00:00]} 48. c6 {[%emt 0:00:00]} Rxd6 {[%emt 0:00:00]} 49. cxd7 {[%emt 0:00:00]} Rxd7 {[%emt 0:00:00]} 50. Rc6 {[%emt 0:00:00]} Rd1+ {[%emt 0:00:00]} 51. Kh2 {[%emt 0:00:00]} Rb1 {[%emt 0:00:00]} 52. Rbxb6 {[%emt 0:00:00]} Rxb6 {[%emt 0:00:00]} 53. Rxb6 {[%emt 0:00:00]} a5 {[%emt 0:00:00]} 54. Rb7 {[%emt 0:00:00]} a4 {[%emt 0:00:00]} 55. Nc5 {[%emt 0:00:00]} Rxb7 {[%emt 0:00:00]} 56. Nxb7 {[%emt 0:00:00]} a3 {[%emt 0:00:00]} 57. Nc5 {[%emt 0:00:00]} a2 {[%emt 0:00:00]} 58. Nb3 {[%emt 0:00:00]} Kf8 {[%emt 0:00:03]} 59. Kg3 {[%emt 0:00:00]} Ke7 {[%emt 0:00:01]} 60. Kf3 {[%emt 0:00:00]} Ke6 {[%emt 0:00:01]} 61. Ke3 {[%emt 0:00:00]} Ke5 {[%emt 0:00:14]} 62. g3 {[%emt 0:00:00]} h5 {[%emt 0:00:29]} 63. Na1 {[%emt 0:00:00]} g6 {[%emt 0:01:23]} 64. Nb3 {[%emt 0:00:00]} f5 {[%emt 0:00:26]} 65. exf5 {[%emt 0:00:00]} gxf5 {[%emt 0:04:25]} 66. Na1 {[%emt 0:00:04]} h4 {[%emt 0:00:35]} 67. gxh4 {[%emt 0:08:06]} Kf6 {[%emt 0:00:07]} 68. Kf4 {[%emt 0:00:10]} Kg6 {[%emt 0:00:00] Ke4} 1/2-1/2

[Event "NED-ch U16 Youth 2019"]
[Site "Assen"]
[Date "2019.04.30"]
[Round "3.1"]
[White "Hilwerda, Jonas"]
[Black "Bruil, Rembrandt"]
[Result "0-1"]
[WhiteElo "2312"]
[BlackElo "2178"]
[Annotator "NA"]
[PlyCount "116"]
[EventDate "2019.04.28"]
[EventType "swiss"]
[EventCountry "NED"]
[SourceTitle "playchess.com"]
[Source "ChessBase"]
[SourceQuality "1"]
[TimeControl "40/5400+30:1800+30"]

1. e4 {[%emt 0:00:00]} c5 {[%emt 0:00:00]} 2. Nf3 {[%emt 0:00:00]} Nc6 {[%emt 0:00:00]} 3. Bb5 {[%emt 0:00:00]} g6 {[%emt 0:00:00]} 4. Bxc6 {[%emt 0:00:00]} bxc6 {[%emt 0:00:00]} 5. O-O {[%emt 0:01:01]} Bg7 {[%emt 0:00:00]} 6. Re1 {[%emt 0:00:59]} Nh6 {[%emt 0:01:43]} 7. c3 {[%emt 0:01:16]} O-O {[%emt 0:00:46]} 8. h3 {[%emt 0:00:12] B31: Sicilian: 2...Nc6 3 Bb5 g6} f5 {[%emt 0:01:27]} 9. e5 {[%emt 0:00:01]} Nf7 {[%emt 0:00:29]} 10. d3 {[%emt 0:00:02]} Rb8 {[%emt 0:22:41]} 11. Na3 {[%emt 0:06:38]} d6 $146 {[%emt 0:11:12]} ({Predecessor:} 11... Ba6 12. Nc4 Bxc4 13. dxc4 d6 14. e6 Ne5 15. Nxe5 Bxe5 {1-0 (53) Caruana,F (2808)-Eljanov,P (2739) Baku 2016}) 12. exd6 {[%emt 0:17:47]} exd6 {[%emt 0:00:15]} 13. d4 {[%emt 0:02:09]} cxd4 {[%emt 0:03:24]} 14. Nxd4 {[%emt 0:00:03]} Bd7 {[%emt 0:04:29]} 15. f4 {[%emt 0:09:36]} (15. Ne6 $11 Bxe6 16. Rxe6) 15... Re8 {[%emt 0:03:52]} 16. Nf3 {[%emt 0:08:22]} Qb6+ {[%emt 0:08:00]} 17. Kh2 {[%emt 0:05:38]} Rxe1 {[%emt 0:01:32]} 18. Qxe1 {[%emt 0:01:09]} Re8 {[%emt 0:00:30]} 19. Qg1 {[%emt 0:02:42]} d5 {[%emt 0:02:46]} 20. Qxb6 {[%emt 0:09:31]} axb6 {[%emt 0:00:06]} 21. Nc2 {[%emt 0:00:06]} c5 {[%emt 0:02:07]} 22. Be3 $2 {[%emt 0:03:02]} (22. Nce1 $17) 22... Ba4 {[%emt 0:01:57]} 23. Nfe1 {[%emt 0:03:01]} Nd6 {[%emt 0:07:48]} 24. Rd1 {[%emt 0:04:39]} Nc4 {[%emt 0:03:54]} 25. Bc1 {[%emt 0:01:47]} Bxc2 {[%emt 0:03:57]} 26. Nxc2 {[%emt 0:00:02]} Re2 {[%emt 0:00:14]} 27. Ne1 {[%emt 0:05:07]} Nxb2 {[%emt 0:02:04]} 28. Bxb2 {[%emt 0:00:42]} Rxb2 {[%emt 0:00:07]} 29. Rxd5 {[%emt 0:00:08]} (29. Rd3 {[%emt 0:18:58]} Bxc3 30. Rxd5 {[%emt 0:00:00]} Be5 $4 {[%emt 0:19:40][%mdl 8192]} (30... Bxe1 $19 {and all is fine.} 31. Rd8+ Kg7 32. Rd7+ Kh6) 31. Nf3) 29... Bxc3 {[%emt 0:00:45]} 30. Nf3 {[%emt 0:00:22]} Bf6 {[%emt 0:02:50]} 31. Rd6 {[%emt 0:02:01]} Kf7 {[%emt 0:01:03]} 32. Rc6 {[%emt 0:00:01]} Ke7 $19 {[%emt 0:07:59]} 33. a4 {[%emt 0:00:01]} Rb4 {[%emt 0:01:33]} 34. a5 {[%emt 0:00:01]} bxa5 {[%emt 0:00:46]} 35. Rxc5 {[%emt 0:00:01]} a4 {[%emt 0:00:48]} 36. Kg3 {[%emt 0:02:22]} a3 {[%emt 0:01:52]} 37. Ra5 {[%emt 0:00:01]} Rb3 {[%emt 0:01:36]} 38. Ra7+ {[%emt 0:00:01]} Kd8 {[%emt 0:00:19]} 39. Kh2 {[%emt 0:00:40]} Bc3 {[%emt 0:02:38]} 40. Ng5 {[%emt 0:00:53]} Bd2 {[%emt 0:01:15]} 41. Ne6+ {[%emt 0:31:39]} Kc8 {[%emt 0:30:16]} 42. Ra4 {[%emt 0:09:19]} Bb4 {[%emt 0:00:00]} 43. Nd4 {[%emt 0:00:00]} Rb2 {[%emt 0:00:00]} 44. Nc2 {[%emt 0:00:00]} Rxc2 {[%emt 0:00:00]} 45. Rxb4 {[%emt 0:00:00]} a2 {[%emt 0:00:00]} 46. Ra4 {[%emt 0:00:00]} Kb7 {[%emt 0:00:00]} 47. Kg3 {[%emt 0:00:00]} Kb6 {[%emt 0:00:00]} 48. Kh4 {[%emt 0:00:00]} Kb5 {[%emt 0:00:00]} 49. Ra8 {[%emt 0:00:00]} Kb4 {[%emt 0:00:00]} 50. g4 {[%emt 0:00:00]} fxg4 {[%emt 0:00:00]} 51. hxg4 {[%emt 0:00:00]} Kb3 {[%emt 0:00:00]} 52. f5 {[%emt 0:00:00]} gxf5 {[%emt 0:00:00]} 53. gxf5 {[%emt 0:00:00]} Kb2 {[%emt 0:00:00]} 54. Rb8+ {[%emt 0:00:00]} Kc1 {[%emt 0:00:00]} 55. Ra8 {[%emt 0:00:00]} Kb1 {[%emt 0:00:00]} 56. Kg5 {[%emt 0:00:00]} a1=Q {[%emt 0:00:00]} 57. Rxa1+ {[%emt 0:00:00]} Kxa1 {[%emt 0:00:00]} 58. Kh6 {[%emt 0:00:00]} Rf2 {[%emt 0:00:00]} 0-1

[Event "NED-ch U16 Youth 2019"]
[Site "Assen"]
[Date "2019.04.30"]
[Round "3.2"]
[White "Elgersma, Onno"]
[Black "Maters, Arthur"]
[Result "1-0"]
[WhiteElo "2174"]
[BlackElo "2043"]
[Annotator "NA"]
[PlyCount "81"]
[EventDate "2019.04.28"]
[EventType "swiss"]
[EventCountry "NED"]
[SourceTitle "playchess.com"]
[Source "ChessBase"]
[SourceQuality "1"]
[TimeControl "40/5400+30:1800+30"]

1. e4 {[%emt 0:00:00]} c5 {[%emt 0:00:00]} 2. Nc3 {[%emt 0:00:39]} d6 {[%emt 0:00:00]} 3. Nge2 {[%emt 0:01:58]} Nf6 {[%emt 0:00:00]} 4. g3 {[%emt 0:00:33]} e5 {[%emt 0:00:00]} (4... g6 5. Bg2 Nc6 6. d3 Bg7 7. h3 O-O 8. Be3 Rb8 9. f4 Ne8 10. a4 Nd4 11. O-O Nc7 12. g4 a6 13. Rb1 Bd7 14. Ng3 b5 15. axb5 axb5 16. Nce2 b4 17. f5 {0-1 (41) Fedoseev,V (2724)-Giri,A (2783) Wijk aan Zee 2019}) 5. Bg2 {[%emt 0:01:07]} Be7 {[%emt 0:00:11]} 6. O-O {[%emt 0:01:37] B23: Closed Sicilian: Lines without g3} O-O {[%emt 0:02:58]} 7. d3 {[%emt 0:02:32]} Be6 {[%emt 0:01:28]} 8. f4 $146 {[%emt 0:03:45]} ({Predecessor:} 8. Be3 Nc6 9. a3 a6 10. Qd2 b5 11. Na2 Rc8 {0-1 (21) Lantman,R-De Oliveira,J Joao Pessoa 2011}) 8... Bg4 {[%emt 0:08:50]} 9. h3 {[%emt 0:05:13]} Bxe2 {[%emt 0:00:12]} 10. Nxe2 {[%emt 0:00:25]} Nc6 {[%emt 0:03:07]} 11. c3 {[%emt 0:05:13]} d5 {[%emt 0:04:37]} 12. fxe5 {[%emt 0:10:48]} Nxe5 {[%emt 0:00:14]} 13. Rf5 {[%emt 0:02:32]} Ng6 {[%emt 0:10:03]} 14. exd5 {[%emt 0:01:41]} Qd7 {[%emt 0:00:08]} 15. Qf1 {[%emt 0:01:23]} Bd6 {[%emt 0:00:06]} 16. c4 {[%emt 0:08:13]} Rae8 {[%emt 0:02:30]} 17. Rf3 {[%emt 0:07:46]} Nh5 {[%emt 0:08:03]} 18. g4 {[%emt 0:07:43]} Nh4 $2 {[%emt 0:05:42]} (18... Nf6 $16) 19. gxh5 {[%emt 0:09:14]} Nxf3+ {[%emt 0:00:16]} 20. Bxf3 {[%emt 0:00:34]} ({Don't take} 20. Qxf3 Qe7 $18) 20... Qf5 {[%emt 0:01:57]} 21. Be4 {[%emt 0:02:27]} Qxh5 {[%emt 0:01:12]} 22. Bf4 {[%emt 0:01:37]} Bxf4 {[%emt 0:01:36]} 23. Nxf4 {[%emt 0:00:26]} Qg5+ {[%emt 0:00:17]} 24. Kh1 {[%emt 0:03:42]} Qe5 {[%emt 0:02:39]} 25. Qf2 {[%emt 0:01:46]} b5 $18 {[%emt 0:09:41]} 26. Bg2 {[%emt 0:12:22]} g5 {[%emt 0:19:25]} 27. Nh5 {[%emt 0:00:03]} f5 {[%emt 0:00:06]} 28. h4 {[%emt 0:02:29]} h6 {[%emt 0:02:22]} 29. Rg1 {[%emt 0:01:51]} bxc4 {[%emt 0:06:04]} 30. dxc4 {[%emt 0:00:11]} a5 {[%emt 0:00:03]} 31. Qd2 {[%emt 0:02:59]} f4 {[%emt 0:01:50]} 32. Qc2 {[%emt 0:00:11]} Qd6 {[%emt 0:00:22]} 33. Bf3 {[%emt 0:01:11]} Re3 {[%emt 0:00:40]} 34. Qg2 {[%emt 0:01:49]} Rf5 {[%emt 0:01:10]} 35. Qh3 {[%emt 0:00:33]} Qg6 {[%emt 0:01:47]} 36. Qg4 {[%emt 0:00:29]} Kh7 {[%emt 0:00:59]} 37. d6 {[%emt 0:00:23]} Rf8 {[%emt 0:04:49]} 38. d7 {[%emt 0:00:18]} Rd8 {[%emt 0:00:53]} 39. Nxf4 {[%emt 0:00:45]} Qf7 {[%emt 0:00:08]} 40. hxg5 {[%emt 0:00:13]} h5 {[%emt 0:02:27]} 41. g6+ {[%emt 0:30:10]} 1-0

[Event "NED-ch U16 Youth 2019"]
[Site "Assen"]
[Date "2019.04.30"]
[Round "3.3"]
[White "Shakhverdian, William"]
[Black "Grutter, Tim"]
[Result "1/2-1/2"]
[WhiteElo "1949"]
[BlackElo "2029"]
[Annotator "NA"]
[PlyCount "111"]
[EventDate "2019.04.28"]
[EventType "swiss"]
[EventCountry "NED"]
[SourceTitle "playchess.com"]
[Source "ChessBase"]
[SourceQuality "1"]
[TimeControl "40/5400+30:1800+30"]

1. e4 {[%emt 0:00:00]} c5 {[%emt 0:00:00]} 2. Nf3 {[%emt 0:00:00]} e6 {[%emt 0:00:00]} 3. d4 {[%emt 0:00:00]} cxd4 {[%emt 0:00:00]} 4. Nxd4 {[%emt 0:00:00]} Nc6 {[%emt 0:00:00]} 5. Nc3 {[%emt 0:00:04]} Qc7 {[%emt 0:00:05]} 6. Be3 {[%emt 0:00:04]} a6 {[%emt 0:00:02]} 7. Qf3 {[%emt 0:00:20] B48: Sicilian: Taimanov: 5 Nc3 Qc7 6 Be3 a6 without Be2} Bd6 {[%emt 0:00:54]} (7... Nf6 8. O-O-O Ne5 9. Qg3 b5 10. f4 Neg4 11. Bd2 b4 12. Na4 h5 13. Bd3 d5 14. e5 Ne4 15. Bxe4 dxe4 {½-½ (48) Caruana,F (2832)-Shankland,S (2724) Germany 2019}) 8. O-O-O {[%emt 0:01:32]} Be5 {[%emt 0:00:09]} 9. Nxc6 {[%emt 0:09:59]} bxc6 {[%emt 0:02:13]} 10. Bd4 {[%emt 0:01:55]} Bxd4 {[%emt 0:06:20]} 11. Rxd4 {[%emt 0:00:05]} Ne7 {[%emt 0:03:28]} 12. Qg3 {[%emt 0:04:32]} Qxg3 {[%emt 0:00:45]} 13. hxg3 {[%emt 0:00:05]} d5 {[%emt 0:05:47] [#]} 14. Rd2 $146 {[%emt 0:04:04]} ({Predecessor:} 14. Na4 e5 {1-0 (41) Grigoryan,K (2544)-Miladinovic,I (2545) Kragujevac 2016}) 14... a5 {[%emt 0:03:47]} 15. exd5 {[%emt 0:08:22]} cxd5 {[%emt 0:01:30]} 16. Bb5+ {[%emt 0:03:12]} Bd7 {[%emt 0:00:42]} 17. g4 {[%emt 0:16:51]} a4 {[%emt 0:03:07]} 18. Rd4 {[%emt 0:11:02]} Bxb5 {[%emt 0:03:29]} 19. Nxb5 {[%emt 0:00:33]} Kd7 {[%emt 0:01:06]} 20. Nc3 {[%emt 0:01:58]} a3 {[%emt 0:01:13]} 21. b3 {[%emt 0:01:26]} e5 {[%emt 0:13:48]} (21... h6 $11 {remains equal.}) 22. Ra4 {[%emt 0:05:29]} (22. Rb4 $16) 22... Rxa4 {[%emt 0:00:32]} 23. Nxa4 {[%emt 0:00:02]} Kc6 {[%emt 0:02:35]} 24. Nc3 {[%emt 0:05:21]} h6 {[%emt 0:07:13]} 25. Nb1 {[%emt 0:03:42]} Ra8 {[%emt 0:01:20]} 26. Re1 {[%emt 0:04:39]} f6 {[%emt 0:03:19]} 27. c3 {[%emt 0:00:32]} Ng6 {[%emt 0:02:48]} 28. Kc2 {[%emt 0:00:40]} Kb5 {[%emt 0:12:09]} 29. Rd1 {[%emt 0:00:31]} Ne7 {[%emt 0:02:28]} 30. g3 {[%emt 0:02:18]} Kc6 {[%emt 0:02:49]} 31. b4 {[%emt 0:00:37]} Nc8 {[%emt 0:00:24]} 32. Kb3 {[%emt 0:00:42]} Nd6 {[%emt 0:00:58]} 33. Nxa3 {[%emt 0:00:06]} Ne4 $14 {[%emt 0:02:05]} 34. f3 {[%emt 0:07:09]} Nxg3 {[%emt 0:00:40]} 35. Nc2 {[%emt 0:01:00]} h5 {[%emt 0:03:25]} 36. gxh5 {[%emt 0:00:19]} Nxh5 {[%emt 0:01:45]} 37. a4 {[%emt 0:00:33]} Nf4 {[%emt 0:02:49]} 38. b5+ {[%emt 0:03:39]} Kc5 {[%emt 0:02:01]} 39. Nb4 {[%emt 0:00:04]} Rc8 {[%emt 0:01:56]} 40. b6 {[%emt 0:05:50]} Kxb6 {[%emt 0:03:55]} 41. Nxd5+ {[%emt 0:30:32]} Nxd5 {[%emt 0:30:35]} 42. Rxd5 {[%emt 0:00:02]} Kc6 {[%emt 0:02:15]} 43. Kc4 {[%emt 0:00:00]} Rh8 {[%emt 0:00:00]} 44. Rc5+ {[%emt 0:00:00]} Kd6 {[%emt 0:00:00]} 45. Rd5+ {[%emt 0:00:00]} Kc6 {[%emt 0:00:00]} 46. Rc5+ {[%emt 0:00:00]} Kd6 {[%emt 0:00:00]} 47. Rd5+ {[%emt 0:00:00]} Ke6 {[%emt 0:00:00]} 48. Rd3 {[%emt 0:00:00]} f5 {[%emt 0:00:00]} 49. a5 {[%emt 0:00:00]} g5 {[%emt 0:00:00]} 50. Kc5 {[%emt 0:00:00]} e4 {[%emt 0:00:00]} 51. fxe4 {[%emt 0:01:27]} fxe4 {[%emt 0:00:00]} 52. Rd5 {[%emt 0:01:08]} Ra8 {[%emt 0:09:34]} 53. Kd4 e3 54. Rxg5 {[%emt 0:04:34]} e2 {[%emt 0:01:00]} 55. Re5+ Kd6 {[%emt 0:00:30]} 56. Rxe2 {[%emt 0:01:00]} 1/2-1/2

[Event "NED-ch U16 Youth 2019"]
[Site "Assen"]
[Date "2019.04.30"]
[Round "3.5"]
[White "Albers, Sasa"]
[Black "Roothaan, Elmar"]
[Result "1-0"]
[WhiteElo "1690"]
[BlackElo "1711"]
[Annotator "NA"]
[PlyCount "95"]
[EventDate "2019.04.28"]
[EventType "swiss"]
[EventCountry "NED"]
[SourceTitle "playchess.com"]
[Source "ChessBase"]
[SourceQuality "1"]
[TimeControl "40/5400+30:1800+30"]

1. e4 {[%emt 0:00:00]} b6 {[%emt 0:00:09]} 2. g3 {[%emt 0:00:00]} Bb7 {[%emt 0:00:12]} 3. Bg2 {[%emt 0:00:00]} c5 {[%emt 0:00:25]} 4. d3 {[%emt 0:00:23]} e6 {[%emt 0:00:17]} 5. Nd2 {[%emt 0:00:29]} Be7 {[%emt 0:00:33]} 6. Ngf3 {[%emt 0:00:28]} Nc6 {[%emt 0:00:34]} 7. O-O {[%emt 0:00:05]} Nf6 {[%emt 0:00:54]} 8. e5 {[%emt 0:00:34]} Nd5 {[%emt 0:00:22]} 9. c4 {[%emt 0:00:15]} Nc7 {[%emt 0:03:04]} 10. Ne4 {[%emt 0:01:20]} d5 {[%emt 0:00:24]} 11. exd6 {[%emt 0:00:12]} Bxd6 {[%emt 0:00:08]} 12. Nxd6+ {[%emt 0:01:44]} Qxd6 {[%emt 0:00:12]} 13. Bf4 {[%emt 0:00:47]} Qd7 {[%emt 0:01:15]} 14. Ne5 {[%emt 0:01:07]} Nxe5 {[%emt 0:01:07]} 15. Bxb7 {[%emt 0:00:27]} Rb8 {[%emt 0:00:06]} 16. Bxe5 {[%emt 0:01:10]} Rxb7 {[%emt 0:00:03]} 17. Bxg7 {[%emt 0:00:14]} Rg8 {[%emt 0:00:03]} 18. Bc3 {[%emt 0:01:59]} Qc6 {[%emt 0:04:29]} 19. Qh5 {[%emt 0:02:06]} Rb8 {[%emt 0:08:19]} 20. Rfe1 {[%emt 0:01:16]} Rd8 {[%emt 0:09:25]} 21. Re3 {[%emt 0:01:11]} Rg6 {[%emt 0:01:25]} 22. Qxh7 {[%emt 0:01:41]} Ke7 {[%emt 0:00:16]} 23. Rae1 {[%emt 0:02:08]} Ne8 {[%emt 0:01:05]} 24. Re4 {[%emt 0:05:39]} Nd6 {[%emt 0:09:23]} 25. Rf4 {[%emt 0:00:40]} Rdg8 {[%emt 0:00:18]} 26. Re3 {[%emt 0:03:36]} Kf8 {[%emt 0:00:47]} 27. Qh4 {[%emt 0:03:30]} Qd7 {[%emt 0:01:43]} 28. Qh3 {[%emt 0:12:07]} Nf5 {[%emt 0:00:55]} 29. Re1 {[%emt 0:12:43]} Rh6 {[%emt 0:19:05]} 30. Qg2 {[%emt 0:01:02]} f6 {[%emt 0:01:19]} 31. Qe4 {[%emt 0:04:14]} Kf7 {[%emt 0:02:44]} 32. Rg4 {[%emt 0:12:24]} Rgh8 {[%emt 0:05:20]} 33. h4 {[%emt 0:01:13]} Re8 {[%emt 0:08:40]} 34. d4 {[%emt 0:09:33]} cxd4 {[%emt 0:00:54]} 35. Bxd4 {[%emt 0:00:36]} e5 {[%emt 0:05:20]} 36. Be3 {[%emt 0:02:16]} Nxe3 {[%emt 0:03:59]} 37. Qxe3 {[%emt 0:00:30]} Qxg4 {[%emt 0:01:47]} 38. Qxh6 {[%emt 0:00:05]} Qxc4 {[%emt 0:00:16]} 39. Rc1 {[%emt 0:01:02]} Qa4 {[%emt 0:01:54]} 40. b3 {[%emt 0:10:36]} Qe4 {[%emt 0:04:50]} 41. h5 {[%emt 0:33:28]} Re7 {[%emt 0:33:26]} 42. Qh8 {[%emt 0:00:00]} Rd7 {[%emt 0:00:00]} 43. h6 {[%emt 0:00:00]} Qg4 {[%emt 0:00:00]} 44. Qh7+ {[%emt 0:00:00]} Ke6 {[%emt 0:00:00]} 45. Rc6+ {[%emt 0:00:00]} Kd5 {[%emt 0:00:00]} 46. Qc2 {[%emt 0:00:00]} f5 {[%emt 0:00:00]} 47. Rf6 {[%emt 0:00:00]} f4 {[%emt 0:00:00]} 48. Qc4# {[%emt 0:00:00]} 1-0